Consumer knowledge about food labelling in Slovakia
Európska a slovenská legislatíva označovania potravín. Vyhodnotenie čiastkových výsledkov základného kvantitatívneho prieskumu z decembra 2015 o označovaní potravín (formou online dotazníka) zameraného na záujem spotrebiteľov, povedomie spotrebiteľov a znalosť spotrebiteľov. V rámci spotrebiteľských...
Gespeichert in:
| 1. Verfasser: | |
|---|---|
| Weitere Verfasser: | |
| Format: | Buchkapitel |
| Sprache: | Englisch |
| Schlagworte: | |
| Tags: |
Keine Tags, Fügen Sie das erste Tag hinzu!
|
MARC
| LEADER | 00000nla a2200000 4500 | ||
|---|---|---|---|
| 001 | 0227353 | ||
| 005 | 20240502083611.5 | ||
| 041 | 0 | |a eng | |
| 044 | |a HR | ||
| 245 | 1 | 0 | |a Consumer knowledge about food labelling in Slovakia |c Ferdinand Daňo, Paulína Krnáčová |
| 520 | |a Európska a slovenská legislatíva označovania potravín. Vyhodnotenie čiastkových výsledkov základného kvantitatívneho prieskumu z decembra 2015 o označovaní potravín (formou online dotazníka) zameraného na záujem spotrebiteľov, povedomie spotrebiteľov a znalosť spotrebiteľov. V rámci spotrebiteľských znalostí označovania potravín sa výskum zameral na tieto oblasti: z akých zdrojov získavajú spotrebitelia informácie o označovaní potravín, či trpia nedostatkom informácií o označovaní potravín, či vedia, ktoré informácie sú na potravinách povinné a aká je úroveň spotrebiteľskej znalosti označovania potravín či znalosť štátnych kontrolných orgánov. Riziká nedostatočného alebo zavádzajúceho značenia. Odporúčania a návrhy praktických krokov na zvýšenie úrovne spotrebiteľskej znalosti označovania potravín. | ||
| 610 | 2 | 0 | |a spotrebitelia |
| 610 | 2 | 0 | |a správanie spotrebiteľa |
| 610 | 2 | 0 | |a informácie |
| 610 | 2 | 0 | |a označovanie tovarov |
| 610 | 2 | 0 | |a potraviny |
| 610 | 2 | 0 | |a výrobky poľnohospodárske |
| 610 | 2 | 0 | |a Slovensko |
| 610 | 2 | 0 | |a Európska únia |
| 610 | 2 | 0 | |a politika spotrebiteľská |
| 610 | 2 | 0 | |a legislatíva |
| 100 | 1 | |a Daňo, Ferdinand, 1959- | |
| 700 | 1 | |a Krnáčová, Paulína, 1983- | |